Japanese prefecture by city - Statistics

General Stats
  • This quiz has been taken 25 times
  • The average score is 29 of 47
Answer Stats
City Prefecture % Correct
Narita Chiba
100%
Nagoya Aichi
89%
Kitakyūshū Fukuoka
89%
Kobe Hyogo
84%
Beppu Oita
84%
Hamamatsu Shizuoka
84%
Ise Mie
79%
Sakai Osaka
79%
Ōtsu Shiga
79%
Wakkanai Hokkaido
74%
Kamakura Kanagawa
74%
Naruto Tokushima
74%
Hachinoe Aomori
68%
Echizen Fukui
68%
Kōriyama Fukushima
68%
Matsumoto Nagano
68%
Sasebo Nagasaki
68%
Jōetsu Niigata
68%
Kawagoe Saitama
68%
Matsue Shimane
68%
Nikkō Tochigi
68%
Hachiōji Tokyo
68%
Matsuyama Ehime
63%
Fukuyama Hiroshima
63%
Hitachi Ibaraki
63%
Kurashiki Okayama
63%
Ishigaki Okinawa
63%
Kōfu Yamanashi
63%
Takamatsu Kagawa
58%
Ishinomaki Miyagi
58%
Tosa Kochi
53%
Miyazu Kyoto
53%
Tosu Saga
53%
Ōgaki Gifu
47%
Kirishima Kagoshima
47%
Miyakonojō Miyazaki
47%
Kashihara Nara
47%
Yonezawa Yamagata
47%
Ube Yamaguchi
47%
Nonoichi Ishikawa
37%
Kuji Iwate
37%
Yatsushiro Kumamoto
37%
Sakaiminato Tottori
37%
Takaoka Toyama
37%
Hashimoto Wakayama
37%
Daisen Akita
32%
Fujioka Gunma
26%
No matching quizzes found
Score Distribution
Percent of People with Each Score
Percentile by Number Answered
Your Score History
You have not taken this quiz